Can You Figure Out the Game? Broadway Themed! - Statistics

General Stats
  • This quiz has been taken 76 times
  • The average score is 2 of 13
Answers on the Grid
Answers color-coded by a green-red scale on the quiz's grid according to % correct below.
Oliver!
Fiddler on the Roof
She Loves Me
The Sound of Music
Les Miserables
Pippin
The Music Man
Hello, Dolly!
Cabaret
42nd Street
Porgy and Bess
Camelot
Mamma Mia!
Fiorello!
Guys and Dolls
On the Town
Disaster!
The Lion King
Grease
Little Shop of Horrors
Company
Sunday in the Park With George
Chicago
The Phantom of the Opera
 
Answer Stats
Answer % Correct
Oliver!
68%
The Sound of Music
25%
Hello, Dolly!
18%
She Loves Me
18%
The Phantom of the Opera
18%
42nd Street
14%
Company
14%
Sunday in the Park With George
14%
Cabaret
11%
Camelot
11%
Guys and Dolls
7%
Little Shop of Horrors
7%
Mamma Mia!
7%
No matching quizzes found
Score Distribution
Percent of People with Each Score
Percentile by Number Answered
Your Score History
You have not taken this quiz